[Event "CYCC U14"]
[Site "Windsor CAN"]
[Date "2016.07.07"]
[Round "4.24"]
[White "Wang, Kaixin"]
[Black "Li, William"]
[Result "1/2-1/2"]
[WhiteElo "1849"]
[BlackElo "2075"]
[PlyCount "77"]
[EventDate "2016.07.05"]
[EventType "swiss"]
[EventRounds "7"]
[EventCountry "CAN"]

1. e4 c5 2. Nf3 d6 3. d4 cxd4 4. Nxd4 Nf6 5. Nc3 a6 6. Be3 e5 7. Nb3 Be6 8. f3
Nbd7 9. Qd2 Be7 10. Be2 b5 11. a3 Qc7 12. f4 exf4 13. Bxf4 Ne5 14. O-O O-O 15.
Nd4 Rad8 16. Qe1 Nc6 17. Nf3 Qb6+ 18. Kh1 d5 19. exd5 Bxd5 20. Bd3 Rfe8 21. Qh4
Bc4 22. Ne5 Nxe5 23. Bxe5 Bxd3 24. cxd3 Rxd3 25. Rae1 Nd7 26. Qf4 Nxe5 27. Rxe5
f6 28. Nd5 Qd8 29. Qf5 fxe5 30. Qxd3 Rf8 31. Rd1 Qe8 32. Qb3 Kh8 33. Qc2 Qf7
34. h3 Qe6 35. Qc7 Bh4 36. Qc5 Rc8 37. Qe3 Bf6 38. Qe4 Rd8 39. Rd3 1/2-1/2

[Event "CYCC U14"]
[Site "Windsor CAN"]
[Date "2016.07.07"]
[Round "4.25"]
[White "Surya, Benito"]
[Black "Chung, Alec"]
[Result "1/2-1/2"]
[WhiteElo "2001"]
[BlackElo "1653"]
[PlyCount "43"]
[EventDate "2016.07.05"]
[EventType "swiss"]
[EventRounds "7"]
[EventCountry "CAN"]

1. e4 c5 2. Nf3 d6 3. d4 cxd4 4. Nxd4 Nf6 5. Nc3 a6 6. Bc4 e6 7. Bb3 Be7 8. O-O
O-O 9. f4 b5 10. a3 Qc7 11. f5 e5 12. Nf3 Bb7 13. Qe2 Nbd7 14. Rd1 Nb6 15. Kh1
Rac8 16. Bg5 Rfd8 17. Rac1 Nc4 18. Bxc4 Qxc4 19. Qxc4 Rxc4 20. Nd2 Rc7 21. Bxf6
Bxf6 22. Nf3 1/2-1/2

[Event "CYCC U14"]
[Site "Windsor CAN"]
[Date "2016.07.07"]
[Round "4.26"]
[White "De Costa, Alex"]
[Black "Liu, Lambert"]
[Result "0-1"]
[WhiteElo "1766"]
[BlackElo "1993"]
[PlyCount "44"]
[EventDate "2016.07.05"]
[EventType "swiss"]
[EventRounds "7"]
[EventCountry "CAN"]

1. e4 c5 2. Nc3 Nc6 3. g3 g6 4. Bg2 Bg7 5. d3 d6 6. Be3 e6 7. Qd2 Rb8 8. Nf3 b5
9. O-O Nge7 10. Bh6 O-O 11. Bxg7 Kxg7 12. d4 b4 13. Ne2 cxd4 14. Nfxd4 Qc7 15.
Nxc6 Nxc6 16. Rfd1 Rd8 17. Rac1 Qa5 18. c3 b3 19. a3 Qc5 20. Nd4 Na5 21. Qe3
Ba6 22. Nf5+ exf5 0-1

[Event "CYCC U14"]
[Site "Windsor CAN"]
[Date "2016.07.07"]
[Round "4.27"]
[White "Liu, Daniel"]
[Black "Guan, Zi Yu"]
[Result "1-0"]
[WhiteElo "1938"]
[BlackElo "1460"]
[PlyCount "85"]
[EventDate "2016.07.05"]
[EventType "swiss"]
[EventRounds "7"]
[EventCountry "CAN"]

1. e4 c5 2. Nf3 d6 3. d4 cxd4 4. Nxd4 Nf6 5. Nc3 e5 6. Nb3 a6 7. g3 Be7 8. Bg2
Be6 9. O-O O-O 10. h3 h6 11. Be3 Qc8 12. Kh2 Nbd7 13. Rc1 b5 14. Nd5 Nxd5 15.
exd5 Bf5 16. Na5 Nf6 17. c4 Qd7 18. b4 bxc4 19. Rxc4 Rfc8 20. Nc6 Bd8 21. Qb3
e4 22. Rc2 Qb7 23. a4 Kf8 24. Nxd8 Rxd8 25. Rc6 Ke7 26. Rfc1 Bd7 27. b5 axb5
28. axb5 Ra5 29. Bb6 Rda8 30. Bxa5 Rxa5 31. Qb4 Bxc6 32. dxc6 Rxb5 33. Qc4 d5
34. Qa4 Qb6 35. c7 Rc5 36. c8=Q Rxc8 37. Rxc8 Qxf2 38. Qc6 Qf5 39. Qc5+ Ke6 40.
Rc6+ Ke5 41. Qc3+ d4 42. Qc5+ Nd5 43. Qd6# 1-0

[Event "CYCC U14"]
[Site "Windsor CAN"]
[Date "2016.07.07"]
[Round "4.28"]
[White "Uthayakumar, Ronan"]
[Black "Wang, Jeff"]
[Result "1/2-1/2"]
[WhiteElo "1751"]
[BlackElo "1920"]
[PlyCount "34"]
[EventDate "2016.07.05"]
[EventType "swiss"]
[EventRounds "7"]
[EventCountry "CAN"]

1. e4 c5 2. Nf3 d6 3. d4 cxd4 4. Nxd4 Nf6 5. Nc3 g6 6. Be2 Bg7 7. O-O O-O 8.
Be3 Nc6 9. Nb3 a6 10. f4 Be6 11. Qd2 Rc8 12. Bf3 b5 13. Nd5 Nd7 14. c3 a5 15.
Nd4 Nxd4 16. Bxd4 Bxd4+ 17. Qxd4 Rc4 1/2-1/2

[Event "CYCC U14"]
[Site "Windsor CAN"]
[Date "2016.07.07"]
[Round "4.29"]
[White "Li, Eric M"]
[Black "Gaisinsky, Adam"]
[Result "0-1"]
[WhiteElo "1637"]
[BlackElo "1913"]
[PlyCount "118"]
[EventDate "2016.07.05"]
[EventType "swiss"]
[EventRounds "7"]
[EventCountry "CAN"]

1. d4 Nf6 2. Nf3 d5 3. Bf4 c5 4. e3 cxd4 5. exd4 Nc6 6. c3 Bg4 7. Nbd2 e6 8.
Bd3 Bd6 9. Bg3 O-O 10. h3 Bh5 11. Qc2 Rc8 12. a3 Qc7 13. Bxd6 Qxd6 14. O-O a6
15. Rfe1 b5 16. Qb1 Rb8 17. Ne5 a5 18. b4 a4 19. Qb2 Rfc8 20. Bc2 Qc7 21. Nxc6
Qxc6 22. Re3 Nd7 23. g4 Bg6 24. Bxg6 hxg6 25. Nf3 Nb6 26. Ne5 Qd6 27. Rf3 Rb7
28. Nd3 Nc4 29. Qc1 Re7 30. Ra2 Qc6 31. Re2 Rce8 32. Ne5 Nxe5 33. Rxe5 Rc8 34.
Kf1 Qc4+ 35. Kg2 Qxd4 36. Qe3 Qxe3 37. Rexe3 Rec7 38. Kf1 Rc4 39. Ke2 R8c6 40.
Kd2 f6 41. Rd3 Kf7 42. Rfe3 Rd6 43. Rg3 e5 44. Rg1 f5 45. f3 Kf6 46. Rf1 f4 47.
Re1 Rc8 48. Rd1 Rh8 49. Rh1 g5 50. Ke2 Ke6 51. Rd2 e4 52. Rh2 Ke5 53. Rd1 Rdh6
54. Rdh1 Rc8 55. Kd2 Rhc6 56. Rc1 Rc4 57. Re2 e3+ 58. Kd3 d4 59. Rec2 Rxc3+ 0-1

[Event "CYCC U14"]
[Site "Windsor CAN"]
[Date "2016.07.07"]
[Round "4.30"]
[White "Singh, Malhar"]
[Black "Sivapathasundaram, Manojh"]
[Result "0-1"]
[WhiteElo "1592"]
[BlackElo "1937"]
[PlyCount "118"]
[EventDate "2016.07.05"]
[EventType "swiss"]
[EventRounds "7"]
[EventCountry "CAN"]

1. e4 c5 2. Nf3 d6 3. d4 cxd4 4. Nxd4 Nf6 5. Nc3 g6 6. Be3 Bg7 7. f3 O-O 8. Qd2
Nc6 9. O-O-O d5 10. Nxc6 bxc6 11. e5 Nd7 12. f4 Nb6 13. Be2 Qc7 14. g4 Rd8 15.
Bc5 Be6 16. f5 gxf5 17. gxf5 Bxf5 18. Qg5 Bg6 19. Bxe7 Re8 20. Bf6 Bxf6 21.
exf6 Qe5 22. Qh4 Nd7 23. Rhf1 Nf8 24. Bg4 Ne6 25. Rde1 Qg5+ 26. Qxg5 Nxg5 27.
Re7 Rxe7 28. fxe7 Ne6 29. h4 h5 30. Bf5 Kg7 31. Ne2 Re8 32. Bxe6 fxe6 33. Nd4
Rxe7 34. Nxc6 Rc7 35. Nd4 Kh7 36. c3 e5 37. Ne6 Re7 38. Rf6 Bf7 39. Ng5+ Kg7
40. Rd6 Bg8 41. Kd2 e4 42. Ke3 Kf8 43. Nh3 Rb7 44. b4 Rg7 45. Ng5 Rc7 46. Kd4
Rc4+ 47. Ke5 e3 48. Kf6 Rf4+ 49. Ke5 e2 50. Kxf4 e1=Q 51. Rd8+ Kg7 52. Rd7+ Kh8
53. Nf3 Qxc3 54. Rxa7 Qxb4+ 55. Kg5 Qg4+ 56. Kh6 Qxf3 57. Rg7 Qf6+ 58. Rg6
Qxg6+ 59. Kxg6 d4 0-1

[Event "CYCC U14"]
[Site "Windsor CAN"]
[Date "2016.07.07"]
[Round "4.31"]
[White "Ju, Lawrence"]
[Black "Lehingrat, Callum"]
[Result "1-0"]
[WhiteElo "1666"]
[BlackElo "1688"]
[PlyCount "57"]
[EventDate "2016.07.05"]
[EventType "swiss"]
[EventRounds "7"]
[EventCountry "CAN"]

1. d4 Nf6 2. c4 e6 3. Nc3 Bb4 4. Qb3 Bxc3+ 5. Qxc3 O-O 6. Bg5 b6 7. Nf3 Bb7 8.
e3 d6 9. Bd3 Nbd7 10. Qc2 c5 11. Bxh7+ Kh8 12. Bd3 Rc8 13. h4 cxd4 14. exd4 Qc7
15. h5 d5 16. h6 Kg8 17. hxg7 Rfe8 18. Qd2 Ne4 19. Bxe4 f6 20. Bh7+ Kxg7 21.
Bxf6+ Kf7 22. Qg5 Nxf6 23. Bg6+ Ke7 24. Rh7+ Kd6 25. Qe5+ Kc6 26. Rxc7+ Rxc7
27. Bxe8+ Nxe8 28. Qxe6+ Nd6 29. Ne5# 1-0

[Event "CYCC U14"]
[Site "Windsor CAN"]
[Date "2016.07.07"]
[Round "4.32"]
[White "Leong, Ryan"]
[Black "Atanasov, David"]
[Result "1-0"]
[WhiteElo "1616"]
[BlackElo "1467"]
[PlyCount "75"]
[EventDate "2016.07.05"]
[EventType "swiss"]
[EventRounds "7"]
[EventCountry "CAN"]

1. c4 f5 2. Nc3 Nf6 3. Nf3 g6 4. e3 Bg7 5. Be2 d6 6. d4 O-O 7. Bd2 c6 8. Qc2
Qe8 9. O-O-O e5 10. h4 Ng4 11. Rdf1 Be6 12. Ng5 exd4 13. exd4 Bxd4 14. Bxg4
fxg4 15. h5 Bf5 16. Qb3 Qe7 17. c5+ Kg7 18. Re1 Qd7 19. cxd6 Bf6 20. hxg6 Kxg6
21. Nxh7 Qxd6 22. Nxf8+ Qxf8 23. Rh6+ Kg7 24. Qxb7+ Nd7 25. Rh5 Qc5 26. Qxd7+
Bxd7 27. Rxc5 Re8 28. Rxe8 Bxe8 29. Ne4 Be7 30. Ra5 c5 31. Rxa7 Kg8 32. Rxe7 g3
33. Nxg3 Kf8 34. Nf5 Bg6 35. Bh6+ Kg8 36. Rg7+ Kh8 37. Ne7 c4 38. Nxg6# 1-0

[Event "CYCC U14"]
[Site "Windsor CAN"]
[Date "2016.07.07"]
[Round "4.33"]
[White "Zhang, Kevin3"]
[Black "Cui, Kevin"]
[Result "0-1"]
[WhiteElo "1205"]
[BlackElo "1182"]
[PlyCount "136"]
[EventDate "2016.07.05"]
[EventType "swiss"]
[EventRounds "7"]
[EventCountry "CAN"]

1. e4 c5 2. Nf3 d6 3. d4 cxd4 4. Nxd4 Nf6 5. Nc3 g6 6. Bc4 Bg7 7. O-O O-O 8.
Bg5 Bd7 9. Re1 Nc6 10. Nf3 Bg4 11. Qd3 Nb4 12. Qe2 Rc8 13. a3 Rxc4 14. axb4
Rxb4 15. b3 a6 16. Rad1 Qc7 17. Bxf6 Bxf6 18. Nd5 Qa5 19. Nxb4 Qxb4 20. Qe3 Rc8
21. c4 b5 22. cxb5 axb5 23. Qf4 Be6 24. Re3 Rc3 25. Rxc3 Qxc3 26. Ng5 Bxb3 27.
Rc1 Qd3 28. h3 Be5 29. Qh4 h5 30. Nf3 Bf6 31. Qf4 Be6 32. e5 dxe5 33. Nxe5 Qd6
34. Re1 b4 35. Qe3 b3 36. Nd3 Bf5 37. Nb2 Bc2 38. Nc4 Qb4 39. Qe2 Bd3 40. Nb2
Bxb2 41. Qxe7 Qxe7 42. Rxe7 Bf6 43. Rd7 Bf5 44. Rb7 b2 45. g4 hxg4 46. hxg4
Bxg4 47. Rb6 Bg7 48. Rb8+ Kh7 49. Rb4 Bf5 50. Rh4+ Bh6 51. Rb4 b1=Q+ 52. Rxb1
Bxb1 53. Kg2 Kg7 54. Kf3 Kf6 55. Kg4 Bd2 56. Kg3 Be1 57. Kf3 Kf5 58. Ke2 Bxf2
59. Kxf2 Kg4 60. Ke2 Kg3 61. Kf1 g5 62. Kg1 f5 63. Kf1 f4 64. Ke2 Kg2 65. Ke1
f3 66. Kd2 f2 67. Ke2 f1=Q+ 68. Ke3 Qd3# 0-1

[Event "CYCC U14"]
[Site "Windsor CAN"]
[Date "2016.07.07"]
[Round "4.35"]
[White "Chertkow, Matthew"]
[Black "Li, Yang"]
[Result "1-0"]
[WhiteElo "1325"]
[BlackElo "1075"]
[PlyCount "45"]
[EventDate "2016.07.05"]
[EventType "swiss"]
[EventRounds "7"]
[EventCountry "CAN"]

1. e4 e5 2. Nf3 Nc6 3. Nc3 Bb4 4. a3 Bxc3 5. dxc3 d6 6. Bb5 Bd7 7. O-O Nf6 8.
Bg5 h6 9. Bh4 a6 10. Bd3 O-O 11. b4 Re8 12. h3 Be6 13. Qe2 d5 14. exd5 Bxd5 15.
Rad1 Bxf3 16. Qxf3 Qe7 17. Rfe1 g5 18. Bxg5 hxg5 19. Qf5 Kf8 20. Qxg5 e4 21.
Qh6+ Kg8 22. Re3 Qf8 23. Rg3+ 1-0

[Event "CYCC U14"]
[Site "Windsor CAN"]
[Date "2016.07.07"]
[Round "4.36"]
[White "Novakovic, David"]
[Black "Jeyakumar, Yathushan"]
[Result "1/2-1/2"]
[WhiteElo "939"]
[BlackElo "1261"]
[PlyCount "120"]
[EventDate "2016.07.05"]
[EventType "swiss"]
[EventRounds "7"]
[EventCountry "CAN"]

1. e4 c5 2. Nf3 Nc6 3. Nc3 e6 4. Bc4 Qc7 5. d3 Nf6 6. Ng5 h6 7. Nh3 a6 8. a3 b5
9. Ba2 Bd6 10. f4 e5 11. O-O O-O 12. f5 Bb7 13. Nd5 Qd8 14. Nxf6+ Qxf6 15. Qg4
Rfc8 16. Bd5 Rab8 17. Qg6 Qxg6 18. fxg6 Ne7 19. Bxf7+ Kh8 20. Nf2 c4 21. Nd1
Bc5+ 22. Be3 Bxe3+ 23. Nxe3 Rc6 24. dxc4 Nxg6 25. cxb5 axb5 26. b4 Nf4 27. Ng4
Rxc2 28. Rf2 Rbc8 29. Ra2 Ne2+ 30. Rxe2 Rc1+ 31. Kf2 Kh7 32. Nxe5 Rf8 33. Ke3
Rh1 34. h3 d6 35. Bg6+ Kg8 36. Nd7 Rd8 37. Nb6 Kf8 38. Nd5 Bxd5 39. exd5 Rd1
40. Rf2+ Kg8 41. Bf7+ Kh7 42. a4 bxa4 43. Rxa4 Rb1 44. Kd3 g5 45. Bh5 Rd7 46.
Bg4 Rc7 47. Kd2 Rb2+ 48. Ke1 Rc1+ 49. Bd1 Rxf2 50. Kxf2 Rxd1 51. Ra7+ Kg6 52.
b5 Rxd5 53. b6 Rb5 54. Rb7 Kf5 55. Rb8 Ke4 56. b7 Kd5 57. Ke3 Kc6 58. Rh8 Kxb7
59. Rxh6 Kc6 60. Kf3 Re5 1/2-1/2

[Event "CYCC U14"]
[Site "Windsor CAN"]
[Date "2016.07.07"]
[Round "4.37"]
[White "Hou, Frank"]
[Black "Periappuram, Jacob"]
[Result "1-0"]
[WhiteElo "1273"]
[BlackElo "635"]
[PlyCount "105"]
[EventDate "2016.07.05"]
[EventType "swiss"]
[EventRounds "7"]
[EventCountry "CAN"]

1. e4 e5 2. Nf3 Nc6 3. Bc4 Bc5 4. d3 Nf6 5. O-O h6 6. Nc3 O-O 7. Be3 Bb6 8. h3
d6 9. Bb3 Be6 10. Nd5 Bxd5 11. Bxd5 Nxd5 12. exd5 Nb4 13. c4 c6 14. a3 Na6 15.
dxc6 bxc6 16. b4 Qf6 17. Re1 c5 18. Qd2 Rfe8 19. Rab1 e4 20. dxe4 Rxe4 21. Red1
Rd8 22. Qd3 Qe6 23. Nd2 Rh4 24. Re1 Qg6 25. Qxg6 fxg6 26. g4 h5 27. Kg2 Nc7 28.
Nf3 Rxh3 29. Kxh3 Rf8 30. Kg3 d5 31. bxc5 Ba5 32. Bd2 Bxd2 33. Nxd2 dxc4 34.
Nxc4 Nd5 35. c6 Kh7 36. Rbd1 Nc3 37. c7 Nxd1 38. Rxd1 Rc8 39. Rd7 Kh6 40. Nd6
Rg8 41. c8=Q Rxc8 42. Nxc8 Kg5 43. Rxa7 hxg4 44. a4 Kf6 45. a5 Ke6 46. a6 Ke5
47. Re7+ Kd5 48. a7 Kc5 49. a8=Q Kc4 50. Qe4+ Kc3 51. Qc6+ Kb3 52. Rb7+ Ka2 53.
Qa4# 1-0

[Event "CYCC U14"]
[Site "Windsor CAN"]
[Date "2016.07.07"]
[Round "4.38"]
[White "Zaid, Shahmeer"]
[Black "Gaur, Shivan"]
[Result "0-1"]
[WhiteElo "745"]
[BlackElo "1211"]
[PlyCount "60"]
[EventDate "2016.07.05"]
[EventType "swiss"]
[EventRounds "7"]
[EventCountry "CAN"]

1. e4 c5 2. Nf3 g6 3. d4 cxd4 4. Nxd4 Nc6 5. Nc3 Bg7 6. Be3 Nf6 7. Qd2 Ng4 8.
Nxc6 bxc6 9. Be2 Nxe3 10. Qxe3 O-O 11. Rd1 Qa5 12. O-O Rb8 13. Rb1 e6 14. a3 d5
15. b4 Qc7 16. exd5 exd5 17. Qc5 Qb6 18. Qd6 Bxc3 19. Bh5 gxh5 20. Qg3+ Bg7 21.
a4 Kh8 22. a5 Qb5 23. Qd6 Rg8 24. Rfe1 Bh3 25. Re3 Bxg2 26. Rg3 Be4 27. Re1
Qxb4 28. Qxb4 Rxb4 29. Rb3 Rxb3 30. cxb3 Bc3+ 0-1

[Event "CYCC U14"]
[Site "Windsor CAN"]
[Date "2016.07.07"]
[Round "4.40"]
[White "Eckert, Ethan"]
[Black "Fox, Dylan"]
[Result "1-0"]
[WhiteElo "997"]
[BlackElo "1252"]
[PlyCount "67"]
[EventDate "2016.07.05"]
[EventType "swiss"]
[EventRounds "7"]
[EventCountry "CAN"]

1. e4 c5 2. Nf3 d6 3. d4 cxd4 4. Nxd4 Nf6 5. Nc3 a6 6. Bg5 Nbd7 7. f4 b5 8. Qf3
Bb7 9. Bd3 Qb6 10. Nf5 Rc8 11. a3 h6 12. Bxf6 Nxf6 13. Ne3 e6 14. O-O-O Be7 15.
g4 e5 16. f5 Nd7 17. Ncd5 Qc6 18. Nxe7 Kxe7 19. Nd5+ Ke8 20. h4 Nc5 21. Kb1 f6
22. g5 Nd7 23. gxf6 Nxf6 24. Nxf6+ gxf6 25. Rhg1 h5 26. Rg6 Kf7 27. Rdg1 Rh7
28. Qe3 Rch8 29. c3 d5 30. exd5 Qxd5 31. Qg3 e4 32. Rg7+ Kf8 33. Qb8+ Qd8 34.
Qxd8# 1-0

[Event "CYCC U14"]
[Site "Windsor CAN"]
[Date "2016.07.07"]
[Round "4.41"]
[White "Morin, Keegan"]
[Black "Masse, Wade"]
[Result "0-1"]
[WhiteElo "846"]
[BlackElo "917"]
[PlyCount "112"]
[EventDate "2016.07.05"]
[EventType "swiss"]
[EventRounds "7"]
[EventCountry "CAN"]

1. e4 e5 2. Bc4 Nf6 3. Na3 Nxe4 4. Qf3 Nf6 5. g4 h6 6. h4 e4 7. Qf5 d6 8. Qb5+
Qd7 9. Be2 Qxb5 10. Bxb5+ Bd7 11. d4 Bxb5 12. Nxb5 Nd5 13. c4 c6 14. Na3 Nf6
15. d5 cxd5 16. Nb5 Kd7 17. cxd5 Nxd5 18. Ne2 a6 19. Na3 Nc6 20. Bd2 Be7 21.
O-O-O Rac8 22. Kb1 Rb8 23. Rc1 Rbc8 24. Rc4 Nf6 25. Rg1 d5 26. Rc3 Bb4 27. Rc2
Bxd2 28. Rxd2 Kc7 29. Nf4 Rcd8 30. Rgd1 d4 31. g5 hxg5 32. hxg5 Ng4 33. g6 Rd6
34. gxf7 Rf8 35. Nc4 Rh6 36. Rg1 g5 37. Nd5+ Kd7 38. Rxg4 b5 39. Ncb6+ Kd6 40.
Rxg5 Rxf7 41. Nc8+ Kd7 42. Ndb6+ Kc7 43. Na8+ Kxc8 44. Nb6+ Kc7 45. Nd5+ Kd6
46. Re2 Re6 47. Nb6 Rf8 48. Rd5+ Kc7 49. Nd7 Rd8 50. Nf6 Rxf6 51. Rxd8 Kxd8 52.
Rxe4 Rxf2 53. Re6 Nb4 54. Rd6+ Ke7 55. Rxd4 Rf1+ 56. Rd1 Rxd1# 0-1

[Event "CYCC U14"]
[Site "Windsor CAN"]
[Date "2016.07.07"]
[Round "5.20"]
[White "Hua, Eugene"]
[Black "Zhang, Henry"]
[Result "1/2-1/2"]
[WhiteElo "2201"]
[BlackElo "2113"]
[PlyCount "126"]
[EventDate "2016.07.05"]
[EventType "swiss"]
[EventRounds "7"]
[EventCountry "CAN"]

1. e4 c5 2. Nf3 e6 3. d4 cxd4 4. Nxd4 Nc6 5. Nc3 Qc7 6. Be3 a6 7. Qf3 d6 8.
Nxc6 bxc6 9. Bd3 Nf6 10. Qg3 e5 11. Bc4 Be6 12. Bxe6 fxe6 13. O-O d5 14. exd5
cxd5 15. Bg5 Nd7 16. Rfe1 Bc5 17. Qg4 Qc6 18. Qh5+ g6 19. Qh6 Bf8 20. Qh4 Bg7
21. Be7 Nb6 22. Bf6 O-O 23. Bxg7 Kxg7 24. Rxe5 Nc4 25. Re2 Nxb2 26. Qd4+ Kg8
27. Nxd5 exd5 28. Qxb2 Qb5 29. Qxb5 axb5 30. f3 Rfc8 31. Kf2 Rc3 32. Rd2 Rac8
33. Rc1 Ra8 34. Rxd5 Rxa2 35. Rxb5 Rcxc2+ 36. Rxc2 Rxc2+ 37. Kg3 Rc6 38. Rb7
Rc5 39. Kf4 Rc2 40. Kg3 Rc4 41. h4 h5 42. Kh3 Ra4 43. Re7 Rb4 44. Re4 Rb5 45.
Kg3 Kf7 46. Kf4 Kf6 47. Ra4 Ke6 48. g3 Kf6 49. Ra6+ Kf7 50. Rd6 Ra5 51. Ke4
Ra4+ 52. Ke5 Ra5+ 53. Rd5 Ra6 54. Rd7+ Kg8 55. Rd6 Ra5+ 56. Kf6 Kh7 57. g4 hxg4
58. fxg4 Kh6 59. Re6 Ra4 60. g5+ Kh5 61. Kg7 Ra7+ 62. Kf6 Ra4 63. Kf7 Ra7+
1/2-1/2

[Event "CYCC U14"]
[Site "Windsor CAN"]
[Date "2016.07.07"]
[Round "5.21"]
[White "Liang, Hairan"]
[Black "Cai, Jason"]
[Result "1-0"]
[WhiteElo "2182"]
[BlackElo "2185"]
[PlyCount "49"]
[EventDate "2016.07.05"]
[EventType "swiss"]
[EventRounds "7"]
[EventCountry "CAN"]

1. e4 e6 2. d4 d5 3. Nd2 c5 4. exd5 Qxd5 5. Ngf3 cxd4 6. Bc4 Qd7 7. O-O Nc6 8.
Nb3 Nf6 9. Nbxd4 Nxd4 10. Nxd4 a6 11. Re1 Bc5 12. c3 Qc7 13. Bg5 Bd7 14. Bxe6
O-O-O 15. Bxf7 Ng4 16. g3 Rdf8 17. Bf4 Qb6 18. Be6 Nf6 19. Bxd7+ Nxd7 20. b4
Bxd4 21. cxd4 Rf6 22. Rc1+ Rc6 23. d5 Rxc1 24. Qxc1+ Kd8 25. Re6 1-0

[Event "CYCC U14"]
[Site "Windsor CAN"]
[Date "2016.07.07"]
[Round "5.23"]
[White "Doknjas, Joshua"]
[Black "Liu, Daniel"]
[Result "1/2-1/2"]
[WhiteElo "2201"]
[BlackElo "1938"]
[PlyCount "95"]
[EventDate "2016.07.05"]
[EventType "swiss"]
[EventRounds "7"]
[EventCountry "CAN"]

1. e4 c5 2. Nf3 d6 3. d4 cxd4 4. Nxd4 Nf6 5. Nc3 e6 6. g4 Be7 7. g5 Nfd7 8. h4
a6 9. Bg2 Nc6 10. Be3 Qc7 11. f4 b5 12. a3 Bb7 13. f5 Nxd4 14. Qxd4 e5 15. Qd2
Nb6 16. Bxb6 Qxb6 17. O-O-O f6 18. gxf6 gxf6 19. Kb1 O-O-O 20. Nd5 Bxd5 21.
Qxd5 Kb8 22. Qe6 Qc7 23. Bf3 Rd7 24. Rd3 Qa7 25. h5 Rc8 26. Rc1 Rdc7 27. c3 a5
28. Qb3 Qb6 29. Rd5 Rb7 30. Be2 Rc5 31. Rxc5 dxc5 32. c4 b4 33. a4 Qc6 34. Bd3
Bf8 35. Bc2 Bh6 36. Rd1 Rd7 37. Rd5 Kc7 38. Qg3 Bg5 39. Qg1 Kb6 40. Qd1 Kc7 41.
Qh1 h6 42. Qg1 Kb6 43. b3 Rd6 44. Qd1 Kc7 45. Qd3 Rd7 46. Rxd7+ Qxd7 47. Qd5
Qxd5 48. cxd5 1/2-1/2

[Event "CYCC U14"]
[Site "Windsor CAN"]
[Date "2016.07.07"]
[Round "5.24"]
[White "Liu, Lambert"]
[Black "Bu, Kevin"]
[Result "1-0"]
[WhiteElo "1993"]
[BlackElo "1916"]
[PlyCount "119"]
[EventDate "2016.07.05"]
[EventType "swiss"]
[EventRounds "7"]
[EventCountry "CAN"]

1. e4 Nf6 2. e5 Nd5 3. d4 d6 4. c4 Nb6 5. exd6 exd6 6. Nc3 Be7 7. b3 O-O 8. Nf3
Bf6 9. Be2 Bg4 10. Be3 Re8 11. O-O Nc6 12. Rc1 h6 13. h3 Bh5 14. Qd2 Bg6 15.
Rfd1 a6 16. d5 Ne7 17. Nd4 Nd7 18. f4 Nf5 19. Nxf5 Bxf5 20. Bd3 Bxd3 21. Qxd3
Nf8 22. Re1 Ng6 23. Bd2 Bxc3 24. Qxc3 Qd7 25. Qd3 Rxe1+ 26. Rxe1 Re8 27. Rxe8+
Qxe8 28. Qe3 Qxe3+ 29. Bxe3 Ne7 30. Kf2 b6 31. Kf3 f6 32. Ke4 Kf7 33. g4 g5 34.
a4 Ng6 35. a5 bxa5 36. Bd2 Nxf4 37. Bxf4 gxf4 38. Kxf4 Kg6 39. h4 Kg7 40. Kf5
Kf7 41. h5 a4 42. bxa4 a5 43. Kf4 Kf8 44. Ke4 Ke8 45. Kd4 f5 46. gxf5 Ke7 47.
c5 Kf6 48. cxd6 cxd6 49. Kc4 Kg5 50. f6 Kxf6 51. Kb5 Ke5 52. Kc6 Kd4 53. Kxd6
Kc4 54. Kc6 Kb4 55. d6 Kxa4 56. d7 Kb3 57. d8=Q a4 58. Qd1+ Kb4 59. Qa1 a3 60.
Kd6 1-0

[Event "CYCC U14"]
[Site "Windsor CAN"]
[Date "2016.07.07"]
[Round "5.25"]
[White "Li, William"]
[Black "Ju, Lawrence"]
[Result "1-0"]
[WhiteElo "2075"]
[BlackElo "1666"]
[PlyCount "73"]
[EventDate "2016.07.05"]
[EventType "swiss"]
[EventRounds "7"]
[EventCountry "CAN"]

1. e4 c5 2. Nf3 Nc6 3. c3 g6 4. d4 cxd4 5. cxd4 Bg7 6. Nc3 Qb6 7. Nd5 Qd8 8.
Bc4 e6 9. Nc3 Qb6 10. e5 Nge7 11. O-O O-O 12. Nb5 Nf5 13. Bd3 a6 14. Bxf5 Qxb5
15. Bc2 Nb4 16. Bb3 b6 17. Bd2 Nd3 18. Qc2 Nb4 19. Qd1 Nd3 20. a4 Qc6 21. Qe2
Nxb2 22. Rfb1 Nxa4 23. Bxa4 b5 24. Rc1 Qb6 25. Bc2 Bb7 26. Be4 Bxe4 27. Qxe4 a5
28. Ne1 b4 29. Nd3 Rac8 30. Nc5 Rc7 31. Nb3 Ra7 32. Ra4 Qb5 33. Rca1 Rfa8 34.
Rxa5 Rxa5 35. Qxa8+ Rxa8 36. Rxa8+ Bf8 37. Bh6 1-0

[Event "CYCC U14"]
[Site "Windsor CAN"]
[Date "2016.07.07"]
[Round "5.26"]
[White "Cui, Kevin"]
[Black "Surya, Benito"]
[Result "0-1"]
[WhiteElo "1182"]
[BlackElo "2001"]
[PlyCount "92"]
[EventDate "2016.07.05"]
[EventType "swiss"]
[EventRounds "7"]
[EventCountry "CAN"]

1. e4 d5 2. exd5 Qxd5 3. Nc3 Qa5 4. Nf3 Nf6 5. Be2 Nc6 6. O-O Bg4 7. d3 O-O-O
8. Be3 e6 9. Nd2 Bxe2 10. Qxe2 h5 11. Nc4 Qf5 12. a3 g5 13. b4 Bg7 14. Rab1 Nd4
15. Qd2 g4 16. Ne2 Nxe2+ 17. Qxe2 Nd5 18. Bd2 Rhg8 19. Ne3 Nf4 20. Qd1 Qg6 21.
g3 Nh3+ 22. Kg2 f5 23. Nc4 h4 24. Qe2 hxg3 25. fxg3 Bh6 26. Rbe1 Bxd2 27. Qxd2
Ng5 28. Qf4 Nf3 29. Re2 Qh5 30. Rh1 Nd4 31. Rf2 Qh3+ 32. Kg1 Nf3+ 33. Rxf3 gxf3
34. Qxf3 Qg4 35. Qf1 Qd4+ 36. Kg2 f4 37. Qe1 Qd5+ 38. Kf2 fxg3+ 39. hxg3 Rdf8+
40. Kg1 Qd4+ 41. Kg2 Qd5+ 42. Kg1 Rh8 43. Rxh8 Rxh8 44. Kf2 b5 45. Ne3 Rh2+ 46.
Ng2 Rxg2+ 0-1

[Event "CYCC U14"]
[Site "Windsor CAN"]
[Date "2016.07.07"]
[Round "5.27"]
[White "Wang, Jeff"]
[Black "Leong, Ryan"]
[Result "1-0"]
[WhiteElo "1920"]
[BlackElo "1616"]
[PlyCount "43"]
[EventDate "2016.07.05"]
[EventType "swiss"]
[EventRounds "7"]
[EventCountry "CAN"]

1. e4 c5 2. Nf3 d6 3. d4 cxd4 4. Nxd4 Nf6 5. Nc3 a6 6. Bg5 Nbd7 7. Qe2 e6 8. f4
Be7 9. O-O-O Qc7 10. g4 b5 11. Bg2 Bb7 12. Rhe1 Rc8 13. Bxf6 Bxf6 14. Ndxb5
axb5 15. Nxb5 Qb6 16. Nxd6+ Kf8 17. e5 Bxg2 18. Nxc8 Qc6 19. exf6 Bf3 20. Qd3
Bxd1 21. Rxd1 Nxf6 22. Qa3+ 1-0

[Event "CYCC U14"]
[Site "Windsor CAN"]
[Date "2016.07.07"]
[Round "5.28"]
[White "Chung, Alec"]
[Black "Wang, Kaixin"]
[Result "1-0"]
[WhiteElo "1653"]
[BlackElo "1849"]
[PlyCount "109"]
[EventDate "2016.07.05"]
[EventType "swiss"]
[EventRounds "7"]
[EventCountry "CAN"]

1. c4 Nf6 2. Nc3 e5 3. g3 d5 4. cxd5 Nxd5 5. Bg2 Be6 6. Nf3 Nc6 7. O-O Bc5 8.
d3 f6 9. Qe1 Qd7 10. Bd2 Bb6 11. a3 O-O-O 12. Rc1 h5 13. h4 Bh3 14. Nxd5 Bd4
15. Nc3 Bb6 16. Kh2 Bxg2 17. Kxg2 g5 18. hxg5 h4 19. Nxh4 Rxh4 20. Rh1 Rxh1 21.
Qxh1 fxg5 22. Bxg5 Rf8 23. Rf1 Rg8 24. Ne4 Nd4 25. e3 Ne6 26. Qh3 Nxg5 27.
Qxd7+ Kxd7 28. Nf6+ Ke6 29. Nxg8 Nf7 30. e4 Bc5 31. f4 exf4 32. gxf4 Bd4 33. b3
Kd7 34. e5 Ke6 35. Nf6 Kf5 36. Kf3 Nd8 37. Rh1 Ne6 38. Nd5 Bb2 39. Rh6 Nd4+ 40.
Kg3 Ne2+ 41. Kh3 Nxf4+ 42. Nxf4 Kxe5 43. Rh7 Kxf4 44. Rxc7 Bxa3 45. Rxb7 Bc5
46. Rc7 Bd4 47. Re7 Kf3 48. Re4 Bf2 49. b4 Be3 50. Kh4 Bd2 51. b5 Be3 52. Kh5
Ke2 53. d4 Kd3 54. Rxe3+ Kxd4 55. Re7 1-0